000 00566nam a2200193Ia 4500
003 IN-BaIIA
008 211028s9999 xx 000 0 eng d
040 _cIIA Library
080 _a621.38
_bSOI
100 _aSoisson, E. Harold
_93787
245 0 _aElectronic measuring instruments
_cHarold E . Soisson
260 _aNew York
_bMcGraw-Hill
_c1961
300 _avi,352p
650 _aElectronic Instruments
_93526
650 _aElectronics
_91576
650 _aInstruments
_92005
650 _aNASA Thesaurus
942 _cBK
999 _c2007
_d2007